000 00574nam a2200193Ia 4500
005 20260114185554.0
008 008 260114s9999 xx 000 0 eng d
020 _a9781350167506
037 _aEBOOK
040 _aCRL
_beng
_cCRL
041 _aeng
_2eng
084 _qCRL
100 _aMark Atherton
_9871710
245 4 _aThe Battle of Maldon War and Peace in Tenth-Century England
260 _bBloomsbury
_c2020
856 _uhttps://doi.org/10.5040/9781350167506?locatt=label:secondary_bloomsburyCollections
942 _cEBOOK
999 _c1470658
_d1470658